000 00860nam a2200241Ii 4500
003 JO-AjNU
008 230605s9999||||xx |||||||||||||| ||und||
017 _a2007/2/433
020 _a978-9957-02-272-3
040 _aJO-AjNU
_bara
_erda
_cJO-AjNU
041 _aara
050 1 4 _aLB1062.H37 2007
100 3 _aحسنين،حسين محمد,
_eauthor
_922548
245 0 0 _aعصف الأفكار:الرزمة التدريبية للمعلمين في الوطن العربي 12
250 _aط1
264 3 1 _aعمان:دار مجدلاوي،2007
300 _a148ص
336 _atext
_btxt
_2rdacontent
337 _aunmediated
_bn
_2rdamedia
338 _avolume
_bnc
_2rdacarrier
490 0 _aالرزمة التدريبية للمعلمين في الوطن العربي 12
650 4 _aالعصف الذهني-التفكير الإبداعي
_922549
999 _aA8022
_c11590
_d11590